Ozzy Osbourne- Dreamer Lyrics - Statistics

General Stats
  • This quiz has been taken 35 times
  • The average score is 143 of 228
Answer Stats
Answer % Correct
a
96%
A
96%
dream
96%
dreamer
96%
I
96%
just
92%
I'm
83%
Who
83%
who
83%
be
79%
days
75%
life
75%
my
75%
the
75%
After
71%
after
71%
away
71%
better
71%
for
71%
go
71%
of
71%
When
71%
world
71%
dreams
67%
mother
67%
time
67%
to
67%
us
67%
at
63%
earth
63%
Gazing
63%
It
63%
oh
63%
outside
63%
survive
63%
this
63%
we
63%
will
63%
yeah
63%
all
58%
her
58%
Hoping
58%
hoping
58%
that
58%
watch
58%
window
58%
And
54%
and
54%
are
54%
through
54%
Wondering
54%
come
50%
down
50%
live
50%
me
50%
sun
50%
two
50%
everyone
46%
here
46%
in
46%
like
46%
only
46%
our
46%
sometime
46%
Christ
42%
Dreaming
42%
fighting
42%
Jesus
42%
mankind
42%
or
42%
place
42%
really
42%
stop
42%
there
42%
those
42%
today
42%
Your
42%
abusing
38%
bring
38%
could
38%
doesn't
38%
God
38%
history
38%
If
38%
if
38%
itself
38%
lives
38%
matter
38%
may
38%
much
38%
one
38%
repeat
38%
there's
38%
Watching
38%
higher
33%
power
33%
searching
33%
still
33%
way
33%
as
29%
dawn
29%
fantasy
29%
hate
29%
hope
29%
living
29%
bigotry
25%
no
25%
would
25%
each
21%
find
21%
gone?
21%
sign
21%
Without
21%
anger
17%
help
17%
nice
17%
other's
17%
serenity
17%
ain't
13%
Who's
13%
okay
4%
No matching quizzes found
Score Distribution
Percent of People with Each Score
Percentile by Number Answered
Your Score History
You have not taken this quiz